000 00986nas a2200301 4500
001 BR2019001546
003 BR-BrBNA
005 20231205131931.0
007 ta
008 230509b bl.|||p| |||| 00| 00por d
040 _aBR-BrBNA
_bpor
_cBiblioteca Nacional de Agricultura
041 _a(En)
072 _aN20
100 1 _aFarias, M.S. de
100 1 _aSchlossser, J.F.
100 1 _aBertollo, G.M.
100 1 _aMartini, A.T.
100 1 _aOliveiras, L.F.V. de
245 1 _aEnergy efficiency of an agricultural tractor according to different driving modes and working speeds
650 _aMÁQUINA AGRÍCOLA
650 _aTRATOR
650 _aCOMBUSTÍVEL
650 _aCONSUMO
773 0 _tCientífica. Revista de Ciências Agrárias (Brazil)
_xISSN 1984-5529
_g(2018), v. 46(2) p. 101-106
_wBR2019001546
856 4 0 _uhttp://cientifica.org.br/index.php/cientifica/article/view/1096/639
909 _a202311
_bLúcia
_c55
_dLúcia Elande
942 _2AGRIS
_n0
_cANA
999 _c257560
_d257560